000 00353nam a22001457a 4500
003 OSt
020 _a8170292344
040 _c0
082 _222
_a652.553620
100 _aSimpson, Alan.
245 _aMastering wordperfect 6 for DOS /
260 _aNew Delhi,
_bBPB Publications,
_cc1993.
300 _axlviii, 1254p. ;
_bill. ;
_c22 cm.
942 _2ddc
_cIT
999 _c5343
_d5343